Countries Nearest Capital Cities - Statistics

General Stats
  • This quiz has been taken 50 times
  • The average score is 8 of 15
Answer Stats
Question Answer % Correct
Seoul North Korea
100%
Madrid Portugal
100%
Buenos Aires Uruguay
100%
Moscow Belarus
50%
Ankara Bulgaria
50%
London France
50%
Lomé Ghana
50%
Cairo Israel
50%
Bangkok Myanmar
50%
Sana'a Saudi Arabia
50%
Suva Tonga
50%
Tehran Turkmenistan
50%
Mexico City United States
50%
Prague Germany
0%
Harare Mozambique
0%
No matching quizzes found
Score Distribution
Percent of People with Each Score
Percentile by Number Answered
Your Score History
You have not taken this quiz